000 00333nam a2200145Ia 4500
005 20260328101454.0
008 260328s9999||||xx |||||||||||||| ||und||
100 _aCalvino, Italo
245 0 _aInvisible Cities /
_cItalo Calvino
250 _aOriginal
260 _bPicador
300 _a125 p.
650 _aURBANISMO
942 _cBK
999 _c8768
_d8768